[Event "3rd Vergani Cup 2018"]
[Site "Montebelluna"]
[Date "2019.01.02"]
[Round "?"]
[White "Andriasian, Zaven"]
[Black "Menezes, Christoph"]
[Result "1/2-1/2"]
[WhiteElo "2604"]
[BlackElo "2415"]
[Annotator "TA"]
[PlyCount "53"]
[EventDate "2018.12.27"]
[EventType "swiss"]
[EventCountry "ITA"]

{[%evp 19,53,8,25,0,0,-31,-30,-29,-21,-45,0,0,0,-29,-10,-44,-26,-32,-45,-66,-65,-125,-79,-210,-146,-144,-97,-102,-52,-70,-52,-66,-64,-154,-133,-316]} 1. e4 e5 2. Nf3 Nc6 3. Bc4 Bc5 4. O-O Nf6 5. d3 O-O 6. Nbd2 d6 7. c3 a5 {C54: Giuoco Piano: 4 c3 Nf6, main lines with 5 d4 and 5 d3} 8. h3 h6 9. Re1 Be6 10. Bb5 Qb8 {LiveBook: 32 Games} 11. Bxc6 (11. Nf1 Qa7 12. Be3 Bxe3 13. Nxe3 Ne7 14. Ba4 Ng6 15. Bc2 {½-½ (27) Dominguez Perez,L (2739)-Nakamura,H (2777) Saint Louis 2018}) 11... bxc6 12. Nh2 $146 ({Predecessor:} 12. d4 exd4 13. cxd4 Bb6 14. b3 d5 15. e5 {1-0 (38) Stevic,H (2579)-Deac,B (2594) Batumi 2018}) 12... a4 13. Ndf1 Qb6 14. Qf3 Nh7 {[%cal Bf6h7,Bh7g5,Bg5f7,Bf7d6][%mdl 32]} 15. Ng3 Ng5 16. Qe2 f6 17. Rf1 d5 $36 {[%mdl 2048] Black is more active.} 18. h4 Nf7 19. Qf3 Nd6 20. Nh5 ({Better is} 20. Qh5 $15) 20... Kh7 21. g4 (21. Ng4 $17) 21... Rf7 22. Ng3 g6 {[%cal Bg7g6,Bg6g5][%mdl 32]} 23. h5 g5 24. Re1 dxe4 25. dxe4 Nc4 26. Qe2 ({White should try} 26. Re2 $1 $15) 26... Rb8 $17 {[%cal Rc4b2]} 27. Rb1 $2 {[%mdl 32768] Accuracy: White = 27%, Black = 61%. . An unexpected result.} (27. b4 $17 axb3 28. axb3 Qxb3 29. Qf3) 1/2-1/2

[Event "3rd Vergani Cup 2018"]
[Site "Montebelluna"]
[Date "2019.01.02"]
[Round "?"]
[White "Andriasian, Zaven"]
[Black "Naumkin, Igor"]
[Result "1/2-1/2"]
[WhiteElo "2604"]
[BlackElo "2410"]
[Annotator "TA"]
[PlyCount "60"]
[EventDate "2018.12.27"]
[EventType "swiss"]
[EventCountry "ITA"]

{[%evp 24,60,0,-8,8,0,15,0,0,0,0,-6,-8,-6,0,-20,-18,-30,-20,-45,-15,-25,-20,-34,-26,-29,-27,-38,-45,-145,-42,-42,-42,-56,-61,-47,-42,-64,-39]} 1. e4 e5 2. Nf3 Nc6 3. Bc4 Bc5 4. O-O d6 5. c3 Bb6 6. d3 Nf6 7. Nbd2 O-O 8. Bb3 Ne7 9. Nc4 Ng6 10. h3 h6 11. a4 {C54: Giuoco Piano: 4 c3 Nf6, main lines with 5 d4 and 5 d3} c6 12. Nxb6 axb6 13. Be3 {LiveBook: 14 Games. The position is equal.} c5 (13... Re8 14. Re1 d5 15. Bc2 c5 16. b4 cxb4 17. cxb4 Be6 18. Rb1 Rc8 19. Rb2 Re7 {½-½ (59) Hillarp Persson,T (2539)-Howell,D (2693) London 2015}) 14. Re1 {[#]} Re8 $146 ({Predecessor:} 14... Bd7 15. Bc2 {½-½ (15) Bellia,F (2452)-Godena,M (2508) Milan 2015}) 15. Nd2 d5 16. d4 cxd4 17. cxd4 exd4 18. Bxd4 Nxe4 19. Re3 b5 20. Nxe4 dxe4 21. a5 Rxa5 22. Rxa5 Qxa5 23. Qh5 {[#] Qxg6 would kill now.} Qa1+ 24. Kh2 Qa6 $1 25. Rg3 {White wants to mate with Rxg6.} Be6 {And now ...Bxb3 would win.} 26. Bc2 (26. Rxg6 $1 $15 fxg6 27. Qxg6) 26... Qd6 (26... Rd8 $17 27. Be5 Bd5) 27. Qxb5 $15 {Black is slightly better.} Bd7 28. Qc5 Qxc5 29. Bxc5 Bc6 30. Bd4 Ne5 {Accuracy: White = 32%, Black = 64%.} 1/2-1/2

[Event "3rd Vergani Cup 2018"]
[Site "Montebelluna"]
[Date "2019.01.02"]
[Round "?"]
[White "Andriasian, Zaven"]
[Black "Prithu Gupta"]
[Result "1-0"]
[WhiteElo "2604"]
[BlackElo "2462"]
[Annotator "TA"]
[PlyCount "83"]
[EventDate "2018.12.27"]
[EventType "swiss"]
[EventCountry "ITA"]

{[%evp 16,83,31,30,23,30,24,0,0,0,17,-62,-59,-66,35,22,44,39,65,62,56,42,98,97,118,118,120,110,226,240,243,198,249,270,286,177,175,169,177,173,185,178,182,183,258,245,276,265,312,243,249,250,252,250,234,220,264,285,279,250,291,321,529,534,431,298,627,506,622,573]} 1. e4 e5 2. Nf3 Nc6 3. Bc4 Nf6 4. d3 Bc5 5. O-O O-O 6. Nbd2 {C50: Hungarian Defence and Giuoco Pianissimo} (6. Bg5 h6 7. Bh4 Be7 8. Bg3 d6 9. a4 Be6 10. Nbd2 Bxc4 11. Nxc4 g6 12. c3 Nh5 13. Qb3 Rb8 14. Rfe1 Bf6 15. Rad1 {½-½ (40) Adhiban,B (2668)-So,W (2776) Douglas 2018}) 6... d5 7. exd5 Nxd5 8. Ne4 Be7 9. Re1 {LiveBook: 3 Games} Nb6 10. Bb3 Bg4 11. h3 Bxf3 12. Qxf3 a5 $146 ({Predecessor:} 12... Nd4 13. Qg3 Nd7 14. c3 Nxb3 {1-0 (42) Degraeve,J (2480)-Hauchard,A (2430) Strasbourg 1992}) 13. a4 (13. c3 $11) 13... Nd4 $15 14. Qg3 Nxb3 ({Better is} 14... Nd7 $15 15. Qg4 (15. Bh6 $2 Nf5 $19 {[%mdl 64] Double Attack}) 15... Nxb3) 15. Bh6 $1 $14 {[%csl Gh6][%cal Rg3g7] [#]} ({Don't play} 15. cxb3 f6 $15) 15... Bf6 $1 16. cxb3 Kh8 17. Bd2 Nd7 18. Nxf6 Qxf6 {[#]} (18... gxf6 $14 19. Qe3 c5) 19. d4 $1 $16 {[%mdl 512]} Qg6 (19... exd4 20. Qxc7) 20. Qxg6 hxg6 21. Rac1 exd4 (21... c6 $16) 22. Rxc7 $18 {[%mdl 64] Double Attack} Nf6 23. Rxb7 Rab8 (23... Kg8 {was called for.} 24. Rb5 Rfb8 25. Rxa5 Rxa5 26. Bxa5 Rxb3) 24. Rxb8 Rxb8 25. Bxa5 {aiming for b4.} Rxb3 {[%mdl 4096] Endgame KRB-KRN} 26. Rd1 Rxb2 27. Rxd4 Ra2 28. Bc3 Ra3 29. Be1 g5 (29... Kh7 $142 30. a5 g5) 30. Bd2 Ra1+ 31. Kh2 Ra2 32. f3 Ne8 33. Bxg5 Nc7 34. Be3 Ne6 35. Rc4 Ra3 36. Bc1 Ra2 37. h4 g6 38. Kh3 Ng7 $2 (38... Kg7 {was worth a try.} 39. g4 Kg8) 39. Bg5 Kh7 40. Rc7 Kg8 $2 (40... Rxa4 41. Rxf7 Kg8) 41. Ra7 Kf8 42. Ra8+ {Accuracy: White = 84%, Black = 35%.} 1-0

[Event "3rd Vergani Cup 2018"]
[Site "Montebelluna"]
[Date "2019.01.02"]
[Round "?"]
[White "Andriasian, Zaven"]
[Black "Rahul Srivatshav P"]
[Result "1-0"]
[WhiteElo "2604"]
[BlackElo "2379"]
[Annotator "TA"]
[PlyCount "89"]
[EventDate "2018.12.27"]
[EventType "swiss"]
[EventCountry "ITA"]

{[%evp 25,89,21,29,0,16,14,52,57,63,56,82,70,80,79,77,64,79,74,177,172,157,148,701,255,247,186,270,201,207,193,245,246,253,215,234,214,407,410,659,375,656,536,501,527,486,503,657,383,371,382,373,377,385,385,382,381,362,353,651,643,643,643,636,623,598,597]} 1. e4 c5 2. Nf3 Nc6 3. Bb5 g6 4. Bxc6 dxc6 5. d3 Bg7 6. h3 Nf6 {[%cal Bg8f6,Bf6d7,Bd7f8,Bf8e6,Be6d4][%mdl 32]} 7. Nc3 Nd7 8. Be3 e5 9. Qd2 h6 {B31: Sicilian: 2...Nc6 3 Bb5 g6} 10. Nh2 (10. O-O Qe7 11. Nh2 Nf8 12. f4 exf4 13. Bxf4 Ne6 14. Bg3 Nd4 15. e5 Bf5 16. Rae1 O-O-O 17. Ne4 Bxe4 18. Rxe4 {½-½ (42) Amin,B (2686)-Flores,D (2621) Batumi 2018}) 10... b6 11. O-O Nf8 12. f4 exf4 13. Bxf4 Ne6 {LiveBook: 4 Games} 14. Bg3 Nd4 15. Rae1 c4 $146 ({Predecessor:} 15... O-O 16. e5 Nf5 17. Bf2 {½-½ (38) Mednikova,S (2177)-Tsifanskaya,L (2133) Kaunas 2012}) 16. dxc4 Be6 17. Qd3 b5 {[%mdl 64] [#] Decoy} 18. cxb5 Nxb5 19. Nxb5 Qb6+ 20. Bf2 Qxb5 21. b3 Qa5 (21... Qxd3 $16 22. cxd3 O-O-O) 22. Qd6 $18 Rc8 23. Nf3 Qxa2 $2 {[%mdl 8192] [#]} (23... c5 $16 24. Rd1 Qb6) 24. Bd4 $2 (24. Ra1 $3 {[%mdl 512]} Qxa1 25. Rxa1) 24... Bf8 25. Qf4 $40 {[%mdl 128] White is out for blood.} Rg8 (25... Rh7 $142) 26. Qd2 {aiming for Ra1.} Qa3 27. Ra1 Qb4 (27... Qd6 {was worth a try.} 28. Rxa7 g5) 28. c3 ({Much less strong is} 28. Rxa7 $6 Qxd2 29. Nxd2 Rd8) 28... Qb7 29. b4 a6 30. Ra5 Bd6 $2 (30... g5 31. Ne5 Bg7) 31. Qxh6 Bc7 (31... Be7 $142 32. Bc5 f6) 32. Raa1 Qb5 $2 (32... Rd8 33. Ng5 Bc4) 33. Bc5 Bb6 34. Qe3 Bxc5 35. bxc5 ({Less strong is} 35. Qxc5 Qxc5+ 36. bxc5 Rh8 $16) 35... Rd8 36. Rfb1 Qd3 37. Qxd3 Rxd3 38. Ne5 {[%mdl 64] Double Attack} Rd8 39. Rxa6 Kf8 40. Nxc6 Rd3 41. Nd4 Bc4 $2 (41... Kg7 42. Nxe6+ fxe6 43. Rxe6 Rxc3) 42. Rb8+ {White is clearly winning.} Kg7 43. Rxg8+ Kxg8 44. Ra8+ Kg7 45. c6 {Accuracy: White = 75%, Black = 25%.} 1-0

[Event "3rd Vergani Cup 2018"]
[Site "Montebelluna"]
[Date "2019.01.02"]
[Round "?"]
[White "Ter-Sahakyan, Samvel"]
[Black "Pratyusha, Bodda"]
[Result "1-0"]
[WhiteElo "2574"]
[BlackElo "2273"]
[Annotator "TA"]
[PlyCount "53"]
[EventDate "2018.12.27"]
[EventType "swiss"]
[EventCountry "ITA"]

{[%evp 17,53,-25,-21,-35,0,6,60,54,63,65,166,73,126,94,149,137,263,287,281,288,511,507,731,687,949,943,1284,1246,2334,2308,29988,29989,29990,29991,29991,29992,29996,29997]} 1. e4 e5 2. Nf3 Nc6 3. d4 exd4 4. Nxd4 Nf6 {[%cal Bg8f6,Bf6d5,Bd5b6][%mdl 32]} 5. Nxc6 bxc6 6. e5 Qe7 7. Qe2 Nd5 8. h4 a5 {C45: Scotch Game} (8... Qe6 9. g3 Nb4 10. c4 Ba6 11. Bf4 d5 12. a3 Bxc4 13. Qd1 Bxf1 14. Kxf1 Na6 15. Nc3 Nc5 16. b4 {1-0 (32) Tomczak,J (2614)-Kramnik,V (2779) Batumi 2018}) 9. c4 Nb6 {LiveBook: 12 Games} 10. g3 Ba6 {Black is slightly better.} 11. b3 d6 $146 (11... Qe6 $11) ({Predecessor:} 11... O-O-O 12. Ba3 d6 13. exd6 Qxe2+ 14. Bxe2 Bxd6 15. Bxd6 cxd6 16. O-O {1-0 (73) Sebe Vodislav,R (2310)-Manea,A (2301) Tusnad 2001}) 12. Bg2 $14 Bb7 13. Bb2 O-O-O {[#]} (13... dxe5 $14 14. O-O (14. Qxe5 Qxe5+ 15. Bxe5 Bb4+ 16. Nd2 O-O-O $11) (14. Bxe5 O-O-O $11) 14... f6) 14. O-O (14. c5 $1 $18 {is more deadly.}) 14... Kb8 ({Black should play} 14... dxe5 15. Qxe5 (15. Bxe5 $2 Nd7 $19) 15... Qxe5 16. Bxe5 f6) 15. Qe1 a4 ({Black should try} 15... dxe5 16. Qxa5 Nd7) 16. exd6 $16 cxd6 (16... Qxd6 $16 {was called for.} 17. Nc3 a3) 17. Qa5 $18 Qc7 18. Nc3 axb3 $2 {[#]} (18... Nd7 {might work better.} 19. Qxc7+ (19. Qxa4 Nc5 $16) 19... Kxc7 20. Nxa4 Rg8) 19. axb3 Nc8 20. Qa2 Be7 21. b4 Bf6 22. b5 Qb6 23. bxc6 Bxc6 24. Bxc6 {White mates.} Qxc6 25. Nd5 Rd7 26. Bxf6 gxf6 27. Rfb1+ {Accuracy: White = 60%, Black = 18%.} 1-0

[Event "3rd Vergani Cup 2018"]
[Site "Montebelluna"]
[Date "2019.01.02"]
[Round "?"]
[White "Bernadskiy, Vitaliy"]
[Black "Kaasen, Tor Fredrik"]
[Result "1-0"]
[WhiteElo "2547"]
[BlackElo "2409"]
[Annotator "TA"]
[PlyCount "71"]
[EventDate "2018.12.27"]
[EventType "swiss"]
[EventCountry "ITA"]

{[%evp 19,71,5,19,31,15,9,60,0,60,56,59,59,46,46,41,18,17,-69,-62,-61,-77,-81,23,6,48,43,53,31,24,29,37,32,223,204,218,223,435,430,357,354,430,427,495,467,479,475,620,523,510,524,551,550,692,604]} 1. e4 c5 2. Nf3 d6 3. Bb5+ Nd7 4. O-O a6 5. Bd3 Ngf6 6. c3 {B51: Sicilian: Moscow Variation (3 Bb5+) without 3...Bd7} e5 7. Bc2 Be7 8. d4 O-O 9. Re1 b5 10. Nbd2 {[%cal Bb1d2,Bd2f1,Bf1g3][%mdl 32]} Bb7 {LiveBook: 21 Games} 11. d5 c4 12. Nf1 Ne8 $146 (12... Qc7 $11) ({Predecessor:} 12... Nc5 13. Ng3 {1-0 (72) Kravtsiv,M (2672)-Amonatov,F (2636) Riadh 2017}) 13. b4 ({White should try} 13. Ne3 $14) 13... g6 (13... f5 $11) 14. Bh6 Ng7 15. Ng3 Kh8 16. a4 Nf6 17. Nd2 Ng8 18. Be3 ({White should play} 18. Bxg7+ $1 $11 Kxg7 19. Qe2) 18... f5 $15 19. exf5 gxf5 {Threatens to win with ...f4.} 20. f4 Bxd5 (20... exf4 $1 $17 21. Bxf4 Bf6 22. axb5 Bxc3 {[%mdl 64] Double Attack} 23. bxa6 (23. Nxc4 Bxa1 24. Qxa1 axb5 $15) 23... Bxd5) 21. Nf3 $36 {[%mdl 2048] White has the initiative.} Bb7 (21... Bxf3 $5 22. Qxf3 e4 23. Nxe4 fxe4 24. Bxe4 Rc8 $11) 22. fxe5 dxe5 23. Qxd8 Raxd8 24. Bb6 e4 25. Bxd8 Rxd8 $2 {[#]} ({Better is} 25... Bxd8 $14 26. Ne5 Nf6) 26. Ne5 $1 $18 {[%cal Re5f7]} Bd5 27. Red1 {Black must now prevent Rxd5!} Nh6 $2 ({Don't go for} 27... Bf6 $2 {[#]} 28. Rxd5 $1 {[%mdl 512]} Rf8 29. Rad1 $18) (27... Nf6 {is a better defense.} 28. axb5 axb5) 28. axb5 axb5 29. Ra5 Bf6 30. Rxb5 {White is clearly winning.} Bxe5 31. Rdxd5 Rxd5 32. Rxd5 Bxc3 33. Rd8+ Ng8 34. b5 Ne6 35. Rc8 Nd4 36. Rxc4 {Accuracy: White = 62%, Black = 34%.} 1-0

[Event "3rd Vergani Cup 2018"]
[Site "Montebelluna"]
[Date "2019.01.02"]
[Round "?"]
[White "Bernadskiy, Vitaliy"]
[Black "Andriasian, Zaven"]
[Result "1/2-1/2"]
[WhiteElo "2547"]
[BlackElo "2604"]
[Annotator "TA"]
[PlyCount "35"]
[EventDate "2018.12.27"]
[EventType "swiss"]
[EventCountry "ITA"]

{[%evp 22,35,26,16,17,18,13,19,14,0,0,0,8,0,14,0]} 1. e4 c5 2. Nf3 d6 3. Bb5+ Nc6 4. O-O Bd7 5. c3 Nf6 6. Re1 a6 7. Bf1 Bg4 8. h3 Bxf3 9. Qxf3 e6 {B51: Sicilian: Moscow Variation (3 Bb5+) without 3...Bd7} (9... g6 10. Na3 Bg7 11. Nc2 Nd7 12. Qd1 O-O 13. b3 Rc8 14. d4 cxd4 15. cxd4 Qb6 16. Be3 Nb4 17. Nxb4 Qxb4 {0-1 (60) Fedoseev,V (2724)-Mamedov,R (2709) chess.com INT 2018}) 10. Qg3 Be7 11. d3 O-O 12. Nd2 {LiveBook: 8 Games} b5 {The position is equal.} 13. a3 $146 ({Predecessor:} 13. Nf3 Re8 14. Bh6 Nh5 15. Qg4 g6 16. Nh2 b4 17. Qf3 {½-½ (40) Bartel,M (2316)-Nevednichy,V (2554) Wunsiedel 2016}) 13... Rb8 14. Nf3 Nh5 15. Qg4 Nf6 16. Qg3 Nh5 17. Qg4 Nf6 18. Qg3 1/2-1/2

[Event "3rd Vergani Cup 2018"]
[Site "Montebelluna"]
[Date "2019.01.02"]
[Round "?"]
[White "Basso, Pier Luigi"]
[Black "Seresin, Francesco"]
[Result "1-0"]
[WhiteElo "2542"]
[BlackElo "2258"]
[Annotator "TA"]
[PlyCount "119"]
[EventDate "2018.12.27"]
[EventType "swiss"]
[EventCountry "ITA"]

{[%evp 27,119,10,17,14,25,18,26,0,0,0,0,0,0,0,0,0,0,0,0,0,0,0,0,0,8,23,25,0,0,0,55,0,0,0,0,0,0,0,0,0,0,0,0,0,0,0,0,0,0,-14,-14,-14,-16,-14,0,0,0,0,0,0,0,0,0,0,0,0,0,0,0,0,0,0,0,0,0,0,79,0,0,0,0,0,0,0,0,0,0,0,0,0,29967,29970,29971,29971]} 1. d4 Nf6 2. c4 g6 3. Nc3 d5 4. Bf4 Bg7 5. e3 O-O 6. Rc1 c5 7. dxc5 Be6 8. Nf3 Nc6 9. Be2 Ne4 10. Nd4 Nxd4 {D83: Grünfeld: 4 Bf4 Bg7 5 e3 0-0} 11. exd4 Nxc3 12. bxc3 dxc4 13. Bf3 Bd5 14. O-O Qd7 {LiveBook: 7 Games} 15. Qe2 (15. Re1 b6 16. Rxe7 Qxe7 17. Bxd5 bxc5 18. Bxa8 Rxa8 {½-½ (48) Akobian,V (2647)-Xiong,J (2665) Saint Louis 2018}) 15... Rfe8 16. Rb1 b6 $146 ({Predecessor:} 16... Qc6 17. Bxd5 Qxd5 18. Rfe1 {½-½ (33) Timko,V (2387)-Ingersol,H (2398) ICCF email 2015}) 17. Bxd5 (17. Rfd1 {feels hotter.} bxc5 18. Bxd5 Qxd5 19. Rb5 Rac8 20. dxc5 Qc6 21. Qxc4 Bxc3 22. Rb8) 17... Qxd5 18. cxb6 axb6 19. Rxb6 e5 20. dxe5 Bxe5 21. Bxe5 Rxe5 22. Qb2 Qa5 23. Rb8+ Rxb8 24. Qxb8+ $11 {[%mdl 4096] Endgame KQR-KQR} Kg7 25. Qb2 Rb5 26. Qc2 Rd5 27. a4 Rd3 28. Rc1 Qd5 (28... Qg5 $11) 29. h3 (29. Ra1 $14) 29... Rd2 30. Qb1 Qc5 31. Rf1 Qa3 32. Qa1 Ra2 33. Qe1 Qc5 34. Qe8 Rc2 35. Qe1 Ra2 36. Kh1 Rxa4 37. f4 Ra6 38. Qg3 Qf5 39. Rd1 $1 Re6 40. Rd4 Re4 41. Rxe4 $1 Qxe4 {KQ-KQ} 42. Qf2 h5 43. Kh2 Kh7 44. Qd2 Kg7 45. Kg3 Kh7 ({Avoid the trap} 45... Qd3+ $2 46. Qxd3 cxd3 47. Kf2 $18) 46. Kf2 h4 47. Qe3 Qc2+ 48. Kf3 Qd1+ 49. Ke4 Kg8 50. f5 gxf5+ 51. Kxf5 Qf1+ (51... Qd3+ $11 {keeps the balance.} 52. Kf4 Qg6) 52. Kg4 (52. Qf3 $16 Qb1+ 53. Kg5) 52... Qxg2+ 53. Kxh4 Qf1 54. Kg4 Kg7 55. Qg5+ Kf8 56. Qh6+ Kg8 57. Qf4 Qg2+ 58. Kh4 Qe2 $2 {[%mdl 8192] [#]} (58... Qc6 $11) 59. Qg4+ Qxg4+ 60. Kxg4 {Accuracy: White = 71%, Black = 67%.} 1-0

[Event "3rd Vergani Cup 2018"]
[Site "Montebelluna"]
[Date "2019.01.02"]
[Round "?"]
[White "Basso, Pier Luigi"]
[Black "Rahul Srivatshav P"]
[Result "0-1"]
[WhiteElo "2542"]
[BlackElo "2379"]
[Annotator "TA"]
[PlyCount "214"]
[EventDate "2018.12.27"]
[EventType "swiss"]
[EventCountry "ITA"]

{[%evp 18,214,31,0,29,27,35,32,66,78,74,66,105,92,102,83,100,82,74,39,43,34,35,40,40,46,38,19,51,24,28,26,60,29,53,25,35,9,47,41,66,70,62,58,75,74,95,58,59,59,59,61,64,64,76,76,75,73,77,77,77,73,77,77,85,39,71,71,71,71,76,76,106,106,106,106,106,106,106,106,106,85,98,91,91,91,106,105,106,105,105,0,106,105,106,105,105,105,105,91,105,82,82,0,105,0,105,91,105,71,106,93,106,106,106,105,106,106,106,0,109,109,114,85,123,123,130,130,130,130,130,130,130,71,71,71,71,70,71,70,70,0,70,70,70,70,70,48,70,70,70,48,70,70,70,70,70,70,70,70,70,70,70,70,70,58,70,70,106,106,106,58,106,106,106,106,106,58,106,106,106,106,106,70,70,58,58,58,58,58,70,70,106,106,106,58,106,-29982,-29983]} 1. d4 Nf6 2. c4 g6 3. Nc3 Bg7 4. e4 d6 5. f3 O-O 6. Nge2 a6 7. Be3 Nbd7 {E81: King's Indian: Sämisch: 6th move deviations (including 6 Be3 c6)} (7... b5 8. cxb5 axb5 9. Nxb5 Nbd7 10. Qd2 c6 11. Nbc3 e5 12. O-O-O Qa5 13. Bh6 Nb6 14. Bxg7 Kxg7 15. dxe5 dxe5 {0-1 (34) Duda,J (2737)-Grischuk,A (2766) chess.com INT 2018}) 8. Qd2 b5 9. Ng3 c6 10. Be2 {LiveBook: 3 Games} bxc4 11. Bxc4 d5 12. Bb3 Nb6 $146 ({Predecessor:} 12... dxe4 13. Ngxe4 Nb6 14. O-O a5 15. Nc5 Nfd5 16. Bh6 Nxc3 17. bxc3 {1-0 (62) Markus,R (2465)-Barbero,G (2445) Budapest 2000}) 13. e5 $1 {[%cal Re5f6]} Ne8 14. Rc1 Be6 15. O-O f6 16. f4 Nc4 17. Bxc4 (17. Qe2 {is more complex.} Nc7 18. Na4 Bg4 19. Qd3 Na5 20. Nc5) 17... dxc4 18. f5 (18. Na4 {seems wilder.} Bf7 19. Ne4 Nc7 20. Nec5 Rb8 21. Qe2) 18... gxf5 19. Nxf5 fxe5 20. Nxg7 Nxg7 21. Rxf8+ Qxf8 22. Bh6 {Hoping for Rf1.} Qf7 23. Rf1 Nf5 {aiming for ...Qg6.} 24. dxe5 Kh8 25. Bf4 Rg8 26. Ne4 Qg6 27. Ng3 Rf8 28. Bh6 Rf7 29. Nxf5 Rxf5 30. Rxf5 Qxf5 31. Qd8+ Bg8 32. Qxe7 {[%csl Ge7][%cal Rh6g7]} Qb1+ 33. Kf2 {[%csl Ge7][%cal Rh6g7]} Qc2+ 34. Kg3 {[%csl Ge7][%cal Rh6g7]} Qg6+ 35. Qg5 c3 36. Qxg6 hxg6 $16 {[%mdl 4096] Endgame KB-KB} 37. b3 Bd5 38. Kf2 Kg8 39. g3 c2 40. Ke2 Kf7 41. Kd2 (41. Kd3 {feels hotter.} Ke6 42. Bf4 c1=R 43. Bxc1 Kxe5 44. Bf4+) 41... Ke6 42. Kxc2 Kxe5 43. Kc3 Bf3 44. Kc4 Ke6 45. Kc5 Kd7 46. Bf4 Bg4 47. Kb6 Be2 48. h4 Bd3 49. Ka5 Be2 50. Kb4 Ke6 51. Kc5 Kd7 52. Bb8 Bd1 53. Kd4 Ke6 54. Kc5 Kd7 $1 55. Be5 Ke6 56. Bf4 (56. Bd4 {keeps more tension.} Kd7 57. Kb6 Be2 58. Bc5 Bd3 59. Be3) 56... Kd7 57. Kd4 Ke6 58. Bb8 Bg4 59. Ke4 Bf5+ 60. Kd4 Bg4 $1 61. Bf4 Bd1 $1 62. Bd2 Bg4 63. Bb4 Bd1 64. Bf8 Bg4 65. Kc5 Kd7 66. Bh6 Bd1 67. Kb6 Be2 68. Bf4 Bd3 69. g4 Be2 70. Bg3 Bxg4 71. Kxa6 Bd1 72. Kb6 Bc2 73. Bf4 Bb1 74. a3 Bc2 {[#]} 75. b4 (75. a4 $142 $1) 75... Bd1 76. Kc5 Ba4 77. Bc1 Bd1 78. Kd4 Kc7 79. Kc5 (79. Kc4 $14) 79... Kb7 ({Better is} 79... Kd7 $1 $11) 80. Bf4 Bc2 81. Kd4 Bd1 82. Kd3 Ba4 83. Bd6 Bd1 84. Kd4 Bc2 85. Bc5 Bd1 86. Ke5 Bb3 87. Kf6 Bc2 88. a4 {[%cal Ba3a4,Ba4a5][%mdl 32]} Bb1 89. Be3 Bc2 90. Bf2 Bb1 91. a5 Bc2 92. Ke6 Bb3+ 93. Kd6 Bc4 94. Ke7 Bb5 95. Kf6 Bd3 96. Ke5 Be2 97. Ke4 Bc4 98. Bg1 Bb5 99. Ke5 Bc4 100. Kf6 Bd3 101. Bc5 Bc2 102. Kf7 Bd3 103. Bd4 Bc2 104. Ke7 Bd3 105. Kd7 Be2 106. Bc5 Bb5 107. Bd4 $2 {[%mdl 8192] [#]} (107. Ke6 $16) 107... c5+ $1 {Precision: White = 57%, Black = 61%.} 0-1

[Event "3rd Vergani Cup 2018"]
[Site "Montebelluna"]
[Date "2019.01.02"]
[Round "?"]
[White "Shyam, Sundar M."]
[Black "Bernadskiy, Vitaliy"]
[Result "1/2-1/2"]
[WhiteElo "2509"]
[BlackElo "2547"]
[Annotator "TA"]
[PlyCount "83"]
[EventDate "2018.12.27"]
[EventType "swiss"]
[EventCountry "ITA"]

{[%evp 20,83,34,35,29,29,29,29,27,31,38,16,28,28,27,26,26,26,18,5,36,29,47,0,0,0,0,-14,-20,-79,-72,-73,-72,-114,-45,-48,0,0,75,54,144,105,127,116,213,226,212,196,263,136,412,278,263,271,238,196,216,207,209,194,212,211,178,178,181,107]} 1. e4 c6 2. Nc3 d5 3. Nf3 dxe4 4. Nxe4 Nf6 5. Qe2 Nxe4 6. Qxe4 Qd5 {B11: Caro-Kann: Two Knights Variation} 7. Qf4 $146 (7. Qe3 Bf5 8. d3 Nd7 9. Bd2 e5 10. Bc3 f6 11. Be2 Bc5 12. d4 Bb6 13. Qd2 e4 14. Qe3 {0-1 (56) Zvjaginsev,V (2644)-Riazantsev,A (2649) Cheliabinsk 2018}) 7... Qf5 8. Qe3 Qe6 9. d4 Qxe3+ 10. Bxe3 Bf5 11. O-O-O {LiveBook: 3 Games} e6 12. Nh4 Be4 13. f3 Bg6 14. c4 Bd6 15. d5 cxd5 16. cxd5 e5 17. Nxg6 hxg6 18. h4 Nd7 19. g4 Rc8+ 20. Kb1 Bc5 21. Bxc5 Rxc5 22. d6 g5 23. h5 Rh6 24. Rh2 (24. Be2 $11) 24... Rf6 $17 25. a3 Kd8 26. Rhd2 a6 ({Black should try} 26... Rxf3 $17 {Strongly threatening ...Rf4.} 27. Bd3 Rf4) 27. Be2 $15 Nb8 28. b4 Rc3 (28... Rc8 $11) 29. Bd3 $1 $16 Rxf3 {[#]} ({Better is} 29... b5 $14) 30. Kb2 $1 $36 {[%cal Rb2c3][%mdl 2048] White is on the roll.} Rc8 31. Be4 Rf6 (31... Rh3 $16) 32. Bxb7 $18 Rc4 33. Re1 Re6 (33... Nd7 $142) 34. Re4 (34. Kb3 $18 Rd4 35. Rc2 Rd3+ 36. Kb2) 34... Rd4 $2 {[%mdl 8192]} (34... Rxe4 $16 {was necessary.} 35. Bxe4 Rf6) 35. Rdxd4 exd4 36. Rxd4 {[%mdl 4096] Endgame KRB-KRN} Kd7 37. Rc4 {Bc8+ is the strong threat.White is clearly better.} Re2+ 38. Kb3 Kxd6 39. Rc8 Re3+ 40. Ka4 Nd7 41. Rc6+ {[%mdl 64] Double Attack} Ke7 {[#]} 42. Rxa6 {Accuracy: White = 66%, Black = 44%.} ({Much less strong is} 42. Bxa6 $6 Re4 $14) (42. Bc8 $1 $18) 1/2-1/2

[Event "3rd Vergani Cup 2018"]
[Site "Montebelluna"]
[Date "2019.01.02"]
[Round "?"]
[White "Shyam, Sundar M."]
[Black "Basso, Pier Luigi"]
[Result "1/2-1/2"]
[WhiteElo "2509"]
[BlackElo "2542"]
[Annotator "TA"]
[PlyCount "56"]
[EventDate "2018.12.27"]
[EventType "swiss"]
[EventCountry "ITA"]

{[%evp 19,56,2,19,9,28,-14,-10,-10,-16,-18,-9,-9,-4,-33,-3,-36,0,-41,-41,-72,51,50,43,31,21,0,0,0,0,0,0,0,227,0,235,0,0,0,231]} 1. e4 e5 2. Nf3 Nc6 3. Bb5 g6 4. c3 a6 5. Bc4 Bg7 6. d4 {C60: Ruy Lopez: Unusual Black 3rd moves and 3...g6} exd4 7. cxd4 b5 8. Bb3 Nge7 (8... d6 9. h3 Nf6 10. O-O O-O 11. Re1 Bb7 12. Nbd2 Nb4 13. Nf1 {0-1 (33) Hansen,E (2629)-Anand,V (2771) Batumi 2018}) 9. d5 Na5 10. Bd2 Nxb3 {LiveBook: 38 Games} 11. Qxb3 c5 {[%cal Bc7c5,Bc5c4][%mdl 32]} 12. Bc3 (12. dxc6 $5 dxc6 13. Bc3 $11) 12... f6 $1 13. d6 Nc6 14. O-O $146 c4 15. Qc2 Bb7 16. a4 Rc8 17. b4 O-O 18. Na3 Qb6 19. Rad1 f5 (19... Ne5 $17 20. Nxe5 fxe5) 20. Bxg7 $14 Kxg7 21. Qc3+ Kg8 22. a5 Qd8 23. e5 Nxb4 {[#] Threatens to win with ...Nd3.} 24. Qxb4 {Hoping for e6!} Bxf3 $1 25. gxf3 {Nc2 is the strong threat.} Qg5+ 26. Kh1 {Strongly threatening Nc2.} Qf4 $2 (26... Qh5 $1 $11 {and Black stays safe.} 27. Kg2 Qg5+ 28. Kh1 Qh5) 27. Kg2 Qg5+ $1 28. Kh1 Qf4 {Accuracy: White = 24%, Black = 63%.} 1/2-1/2